[Event "International Championship of Central Se"]
[Site "Paracin, hotel "]
[Date "2012.07.12"]
[Round "8.28"]
[White "Nadvesnik, Vilma"]
[Black "Pavlovic, Slobodan Z"]
[Result "1/2-1/2"]
[WhiteElo "1906"]
[BlackElo "1805"]
[Annotator "Milojevic,Boban"]
[PlyCount "32"]
[EventDate "2012.07.06"]

1. e4 c5 2. Nf3 Nc6 3. d4 cxd4 4. Nxd4 Nf6 5. Nc3 e5 6. Nf5 d6 7. a4 a6 8. g3
Be7 9. Bg5 Be6 10. Bxf6 Bxf6 11. Bc4 O-O 12. O-O Qe7 13. Nd5 Bxd5 14. Bxd5 Qc7
15. b3 Rfd8 16. Qd2 Ne7 {unreadable...} 1/2-1/2

[Event "International Championship of Central Se"]
[Site "Paracin, hotel "]
[Date "2012.07.12"]
[Round "8.29"]
[White "Stojadinovic, Tomislav"]
[Black "Miskovic, Lazar"]
[Result "1-0"]
[WhiteElo "1896"]
[BlackElo "1629"]
[PlyCount "97"]
[EventDate "2012.07.06"]

1. e4 e5 2. Nf3 Nc6 3. Bb5 a6 4. Ba4 Nf6 5. O-O Be7 6. Re1 b5 7. Bb3 d6 8. a4
Na5 9. c3 Bb7 10. d3 O-O 11. Bc2 c5 12. Nbd2 Rc8 13. Nf1 c4 14. dxc4 bxc4 15.
Ng3 Nd7 16. Be3 Nc5 17. Nf5 Re8 18. Bxc5 Rxc5 19. Qe2 Qb6 20. Nxe7+ Rxe7 21.
Rad1 Rd7 22. Bb1 Qb3 23. Qe3 Bc6 24. Nh4 Nb7 25. Nf5 Bxa4 26. Qg3 f6 27. Rd2
Qb6 28. h4 Kh8 29. h5 Rcc7 30. Nh4 Nc5 31. Qh3 Re7 32. Ng6+ Kg8 33. Nxe7+ Rxe7
34. Ba2 Bb3 35. Bxb3 Nxb3 36. Qc8+ Kf7 37. Qxc4+ Kf8 38. Rd5 Nc5 39. b4 Ne6 40.
Red1 Rc7 41. Qa2 Rc6 42. Ra5 Nc7 43. Rd3 Nb5 44. Qd2 Ke7 45. Rg3 Kf7 46. Qd5+
Kf8 47. h6 g6 48. Rxg6 hxg6 49. h7 1-0

[Event "International Championship of Central Se"]
[Site "Paracin, hotel "]
[Date "2012.07.12"]
[Round "8.30"]
[White "Boskovic, Maksimilijan"]
[Black "Barbul, Ionel"]
[Result "1-0"]
[WhiteElo "1888"]
[BlackElo "1778"]
[PlyCount "127"]
[EventDate "2012.07.06"]

1. c4 c5 2. b3 Nc6 3. Bb2 e5 4. d3 g6 5. e3 Bg7 6. Nf3 Nge7 7. Nbd2 O-O 8. a3
Qc7 9. Qc2 b6 10. Be2 Bb7 11. h4 Rad8 12. h5 d5 13. hxg6 hxg6 14. cxd5 Rxd5 15.
Nc4 Rfd8 16. Rc1 Ba6 17. Qb1 b5 18. e4 R5d7 19. Ne3 b4 20. Rxc5 bxa3 21. Bxe5
Qb6 22. Bxg7 Qxc5 23. Bf6 Kf8 24. Rh8+ Ng8 25. Ng5 Nce7 26. Qa1 Rd4 27. Nh7+
Ke8 28. Bxd4 Qxd4 29. Qxd4 Rxd4 30. Kd2 a2 31. Nc2 Rd6 32. Ng5 f6 33. Nf3 Rc6
34. Rh1 Rb6 35. Nfd4 Bb7 36. Ra1 Ra6 37. Nb4 Ra5 38. Rxa2 Rxa2+ 39. Nxa2 f5 40.
f3 Nf6 41. Nc3 Kd7 42. Ke3 Nh5 43. Bd1 Ba6 44. b4 Kd6 45. Ncb5+ Bxb5 46. Nxb5+
Kc6 47. Ba4 Kb6 48. Nd4 Kc7 49. Ne6+ Kd6 50. Nf4 Nf6 51. d4 fxe4 52. fxe4 Nd7
53. e5+ Kc7 54. Bxd7 Kxd7 55. Ke4 a6 56. d5 Nf5 57. Nxg6 Ng3+ 58. Kd4 Nf5+ 59.
Kc5 Ne3 60. e6+ Ke8 61. d6 Nf5 62. g4 Ng7 63. d7+ Kd8 64. Kd6 1-0